000 00614nam a2200157 a 4500
008 120416s1970 ||||||||||||||||| || u
050 _aLB 2322 Fol
100 _aBayer, Alan E
245 1 0 _aHuman resources and higher education
246 _astaff report of the commission on human resources and advanced education
260 _aNew York
_bRussell Sage Foundation
_c1970
300 _axxxii, 473p. : ill.
350 _a0.00
700 _aFolger, John K
995 _D0.00
_FCBU-MAIN LIBRARY (Kitwe)
_H1
_I17.50
_M1
_UAVAILABLE
_ZAnnex Low-Usage Collection
999 _c45950
_d45950